Liverpool most G+A each season 2020s - Statistics

General Stats
  • This quiz has been taken 30 times
  • The average score is 11 of 12
Answer Stats
Season Answer % Correct
2019-2035 Mohamed Salah
100%
2020-2137 Mohamed Salah
100%
2021-2246 Mohamed Salah
100%
2022-2346 Mohamed Salah
100%
2019-2022 Roberto Firmino
100%
2020-2118 Roberto Firmino
100%
2022-2318 Roberto Firmino
100%
2019-2031 Sadio Mane
100%
2020-2124 Sadio Mane
100%
2021-2226 Sadio Mane
100%
2022-2320 Darwin Nunez
76%
2021-2227 Diogo Jota
72%
No matching quizzes found
Score Distribution
Percent of People with Each Score
Percentile by Number Answered
Your Score History
You have not taken this quiz